| 000 | 00000cam 2200000zi 4500 |
| 001 | 9.963022 |
| 003 | CaOODSP |
| 005 | 20260601172541 |
| 006 | m o d f |
| 007 | cr mn||||||||| |
| 008 | 260525s1949 nkca ob f000 0 eng d |
| 040 | |aCaOODSP|beng|erda|cCaOODSP |
| 043 | |an-cn-ns |
| 086 | 1 |aFs52-3/398E-PDF |
| 100 | 1 |aGiglioli, M. E. C., |eauthor. |
| 245 | 10|aSome observations on the biology of the whelk, Polynices heros Say (1822), and Polynices triseriata Say (1826), at Belliveau Cove, Nova Scotia / |cauthor M.E.C. Giglioli. |
| 246 | 16|aReport on Polynices investigation at Belliveau's Cove, Nova Scotia, 1946-1949 |
| 264 | 1|aSt. Andrews, N.B. : |bFisheries Research Board of Canada, Atlantic Biological Station, |c1949. |
| 300 | |a1 online resource (140 pages, 7 unnumbered pages) : |billustrations. |
| 336 | |atext|btxt|2rdacontent |
| 337 | |acomputer|bc|2rdamedia |
| 338 | |aonline resource|bcr|2rdacarrier |
| 490 | 1 |aManuscript reports of the biological stations ; |vno. 398 |
| 500 | |aCover title. |
| 500 | |aImperfect: Some figures are missing. |
| 500 | |aIncludes errata and acknowledgement dated March 1950. |
| 500 | |aDigitized edition from print [produced by Department of Fisheries and Oceans]. |
| 504 | |aIncludes bibliographical references. |
| 520 | |a"Owing to unforeseen limitations it has been necessary to subdivide this report into two sections. The one dealing with the biology of the whelk, Polynices and the second with the attempts to control the Canadian species and with the related investigations on clam (Mya) relaying in Polynices infested areas"--Summary, page 139. |
| 650 | 0|aPolinices|zNova Scotia|vObservations. |
| 650 | 0|aPolinices|xBiological control|zNova Scotia. |
| 650 | 6|aPolinices|zNouvelle-Écosse|vObservations. |
| 650 | 6|aPolinices|xLutte biologique contre|zNouvelle-Écosse. |
| 710 | 2 |aFisheries Research Board of Canada. |bBiological Station (St. Andrews, N.B.), |eissuing body. |
| 830 | #0|aManuscript reports of the biological stations ;|vno. 398.|w(CaOODSP)9.899091 |
| 856 | 40|qPDF|s10.6 MB|uhttps://publications.gc.ca/collections/collection_2026/mpo-dfo/fs52-3/Fs52-3-398-eng.pdf |